Conquista del lenguaje en preescolar y ciclo preparatorio
Guardat en:
| Autor principal: | |
|---|---|
| Format: | Llibre |
| Idioma: | espanyol |
| Publicat: |
Madrid
Narcea
1981
|
| Edició: | 2a. ed |
| Matèries: | |
| Etiquetes: |
Afegir etiqueta
Sense etiquetes, Sigues el primer a etiquetar aquest registre!
|
MARC
| LEADER | 00000nam a2200000 a 4500 | ||
|---|---|---|---|
| 001 | UCY8934 | ||
| 003 | CL-VaPUC | ||
| 008 | 950707e19810200SP |||||||||||||||||spa|d | ||
| 082 | 0 | 4 | |a 372.6 |b FER |2 21 |
| 100 | 0 | |a Fernández, Sonsoles |e author |9 340775 | |
| 245 | 1 | 0 | |a Conquista del lenguaje en preescolar y ciclo preparatorio |
| 250 | |a 2a. ed | ||
| 300 | |a 115 p | ||
| 942 | |c BK | ||
| 945 | |d 19950707 00:00:00 |a cmena | ||
| 260 | |a Madrid |b Narcea |c 1981 | ||
| 650 | 0 | |a Educación lingüística |9 306506 | |
| 650 | 0 | |a Educación preescolar |9 260381 | |
| 650 | 0 | |a Educación básica |9 224933 | |
| 650 | 0 | |a Desarrollo individual |9 307875 | |
| 650 | 0 | |a Desarrollo del lenguaje |9 311270 | |
| 650 | 0 | |a Psicolingüística |9 283371 | |
| 583 | |a last modification |c 19950707 00:00:00 |k Rodrigo Vera | ||
| 999 | |c 236112 |d 236110 | ||
| 952 | |0 0 |1 0 |4 0 |6 372_600000000000000_FER_1981 |7 0 |8 P |9 243967 |a BIBEDU |b BIBEDU |c BIBEDU_PB |d 2019-11-18 |i 1526979 |o 372.6 FER 1981 |p 1526979 |r 2024-01-25 |w 2019-11-18 |y BK |k EDU | ||